Statistiques concernant Personnages de la série Kaamelott

Cliquez ici pour prendre le quiz!

Statistiques générales

  • Ce quiz a été pris 4 914 fois
  • Le résultat moyen est 24 sur 69

Statistiques - réponses

Personnages% Correct
Arthur Pendragon
100%
Perceval
96%
Lancelot
93%
Guenièvre
92%
Karadoc
92%
Merlin l'Enchanteur
84%
Gauvain
83%
Yvain
81%
Léodagan de Carmélide
80%
Bohort
72%
La Dame du Lac
68%
Kadoc
64%
Séli
64%
Loth d'Orcanie
59%
Mevanwi
52%
Père Blaise
51%
Elias de Kelliwic'h
49%
Le Maître d'arme
47%
Le Tavernier
46%
Ygerne de Tintagel
46%
César
42%
Attila
40%
Caius Camillus
40%
Guethenoc
40%
Le Roi Burgonde
40%
Demetra
39%
Le Duc d'Aquitaine
36%
Méléagant
36%
Venec
35%
Angharad
33%
Calogrenant de Calédonie
33%
Tumet
33%
Roparzh
30%
Dagonet
29%
Hervé de Rinel
27%
La Fée Morgane
26%
Cryda de Tintagel
25%
Aziliz
24%
Galessin
24%
Grüdü
23%
Goustan de Carmélide
22%
La Duchesse d'Aquitaine
22%
Aconia Minor
18%
Aélis
18%
Appius Manilius
18%
Azenor
18%
Le Répurgateur
17%
Lionel de Gaunes
17%
Anna de Tintagel
16%
Le Jurisconsulte
12%
Ketchatar d'Irlande
11%
Lucius Silius Sallustius
11%
Kay
10%
Anton
8%
Breccan
7%
Prisca
7%
Verinus
7%
Julia
6%
Ferghus
5%
Publius Servius Capito
5%
Urgan
5%
Hoël d'Armorique
4%
Nessa
4%
Titus Nepius Glaucia
4%
Aulus Milonius Procyon
3%
Licina
2%
Manius Macrinus Firmus
2%
Sven
2%
Spurius Cordius Frontinius
0%

Distribution des résultats

Percentile par nombre de réponses

% des personnes avec chaque résultat

Votre développement - résultats

Vous n’avez pas pris ce quiz